00495 2200205 4500001002100000005001500021035002000036007000300056008004100059020001800100082001000118084001600128100001100144245004200155250000600197260003200203300003100235700000600266990001700272INLIS00000000000004920230301084812 a0010-0223000016ta230301 b 0 ind  a979-8399-00-5 a959.8 a959.8 RUD s0 aRudini1 aSulawesi Tenggara /cDrs.Soemargono.K a- aJakarta :bIntermasa,c1992 a375 :bilus. ;c23.5 cme-0 a- a00041/R/1992